000 00723nam a2200253Ia 4500
001 22322
003 GE_BSU
008 181216s||||||||xx |||||||||||||| ||und||
020 _a9783832978198
040 _cGE_BSU
080 _a338(075.8)+811.112
100 _aArnold,Ulli, Klaus Grunwald,Bernd Maelike.
245 _aLehrbuch der Sozialwirtschaft
245 _b4.erweiterte Auflage
260 _aBaden-Baden
260 _bNomos
260 _c2014
300 _a940p,21cm
541 _h222gel.
653 _aLehrbuch der Sozialwirtschaft
653 _aეკონომიკა
653 _aსოციალური ეკონომიკის სახელმძღვანელო
942 _cBK
999 _c55246
_d55246